Komplexität in Kirche und Diakonie: Was macht das Führen schwierig?

Saved in:  
Bibliographic Details
Main Author: Wegner, Gerhard 1953- (Author)
Format: Print Article
Language:German
Check availability: HBZ Gateway
Interlibrary Loan:Interlibrary Loan for the Fachinformationsdienste (Specialized Information Services in Germany)
Published: 2019
In: Transzendentaler Vertrauensvorschuss
Year: 2019, Pages: 134-166

MARC

LEADER 00000caa a22000002c 4500
001 1778294391
003 DE-627
005 20211124003156.0
007 tu
008 211123s2019 xx ||||| 00| ||ger c
020 |a 9783374058655 
035 |a (DE-627)1778294391 
035 |a (DE-599)KXP1778294391 
040 |a DE-627  |b ger  |c DE-627  |e rda 
041 |a ger 
084 |a 1  |2 ssgn 
100 1 |e VerfasserIn  |0 (DE-588)128616962  |0 (DE-627)376562056  |0 (DE-576)297243462  |4 aut  |a Wegner, Gerhard  |d 1953- 
109 |a Wegner, Gerhard 1953- 
245 1 0 |a Komplexität in Kirche und Diakonie  |b Was macht das Führen schwierig? 
264 1 |c 2019 
336 |a Text  |b txt  |2 rdacontent 
337 |a ohne Hilfsmittel zu benutzen  |b n  |2 rdamedia 
338 |a Band  |b nc  |2 rdacarrier 
601 |a Komplexität 
601 |a Diakonie 
773 0 8 |i Enthalten in  |a Wegner, Gerhard, 1953 -   |t Transzendentaler Vertrauensvorschuss  |d Leipzig : Evangelische Verlagsanstalt, 2019  |g (2019), Seite 134-166  |h 330 Seiten  |w (DE-627)1040881017  |z 9783374058655  |z 3374058655  |7 nnam 
773 1 8 |g year:2019  |g pages:134-166 
935 |a mteo 
951 |a AR 
ELC |b 1 
ITA |a 1  |t 1 
LOK |0 000 xxxxxcx a22 zn 4500 
LOK |0 001 4004877164 
LOK |0 003 DE-627 
LOK |0 004 1778294391 
LOK |0 005 20211123044946 
LOK |0 008 211123||||||||||||||||ger||||||| 
LOK |0 035   |a (DE-Tue135)1040881017_2019_134 
LOK |0 040   |a DE-Tue135  |c DE-627  |d DE-Tue135 
LOK |0 092   |o n 
LOK |0 852   |a DE-Tue135 
LOK |0 852 1  |9 00 
LOK |0 935   |a imwa  |a ixau  |a ixrk 
LOK |0 939   |a 23-11-21  |b l01 
ORI |a SA-MARC-ixtheoa001.raw